00647nam a2200241 a 4500001001300000003000900013005001700022008004100039020001000080082001900090100001800109245002600127260003200153300000900185500003500194505001000229650001900239700001800258902000800276942000700284952009900291999001500390nice12345678IN_TiNIC20260116011505.0050524s1959 lona grp 000 0 eng  ac40200a266.00954bGRA aGrant, John W aGod`s People in India aLondonbHighway Pressc1959 a111p aincludes index and biblioraphy2 aIndex aMissions-India1 aGrant, John W bSRS cBK 00104070aHMIbHMId2011-09-20g402.00l0o266.00954 GRAp02825r2011-09-20w2026-01-16yEB c2001d2001